| 000 | 01181cam a2200277 i 4500 | ||
|---|---|---|---|
| 001 | 20774876 | ||
| 005 | 20230731150732.0 | ||
| 008 | 181210s2019 maua 001 0 eng | ||
| 010 | _a 2018420507 | ||
| 020 | _a9780134761435 (hbk. : student edition) | ||
| 040 |
_aDLC _beng _cDLC _erda _dDLC |
||
| 042 | _apcc | ||
| 050 | 0 | 0 | _aQA 276.12.B628 2019 |
| 100 | 1 |
_aBock, David E., _eauthor. |
|
| 245 | 1 | 0 |
_aStats : _bmodeling the world / _cDavid E. Bock, Ithaca High School (Retired), Floyd Bullard, North Carolina School of Science and Mathematics, Paul F. Velleman, Cornell University, Richard D. De Veaux, Williams College. |
| 250 | _aFifth edition, AP edition. | ||
| 300 |
_a1 volume (various pagings) : _billustrations (some color) ; _c29 cm |
||
| 500 | _aIncludes index. | ||
| 650 | 0 |
_aGraphic calculators _vTextbooks. |
|
| 700 | 1 |
_aBullard, Floyd, _eauthor. |
|
| 700 | 1 |
_aVelleman, Paul F., _d1949- _eauthor. |
|
| 700 | 1 |
_aDe Veaux, Richard D., _eauthor. |
|
| 906 |
_a7 _bcbc _corigcop _d2 _encip _f20 _gy-gencatlg |
||
| 942 |
_2lcc _cBOOKS _hQA 276.12.B628 2019 |
||
| 999 |
_c31811 _d31811 |
||